[Event "Skakligaen 2023-24"]
[Site "Denmark"]
[Date "2024.01.28"]
[Round "6.5"]
[Board "5"]
[White "Borge, Nikolaj"]
[Black "Moeller, Dustin"]
[Result "1/2-1/2"]
[WhiteElo "2388"]
[BlackElo "2200"]
[PlyCount "107"]
[WhiteTeam "Hillerod"]
[BlackTeam "Fredericia"]
[EventDate "2023.10.28"]
[EventType "team-tourn"]
[EventRounds "9"]
[EventCountry "DEN"]
[SourceTitle "Live v. Kasper Jerwiarz"]
[Table "5"]

1. e4 c5 2. Nf3 Nc6 3. Bb5 Nf6 4. e5 Nd5 5. Nc3 Nc7 
6. Bxc6 dxc6 7. h3 g6 8. d3 Bg7 9. Bf4 Ne6 10. Qd2 Nxf4 
11. Qxf4 Be6 12. O-O O-O 13. Rfe1 Qb6 14. b3 Rae8 15. Qe3 Qa5 
16. Ne4 b6 17. a3 Qa6 18. c4 h6 19. Ng3 Qc8 20. b4 f5 
21. Nf1 g5 22. bxc5 f4 23. Qe2 Bxh3 24. gxh3 Qxh3 25. N1h2 g4 
26. Nd2 Rf5 27. Qf1 Qh4 28. Qg2 f3 29. Ndxf3 gxf3 30. Nxf3 Qh5 
31. Re3 Ref8 32. Nh2 Rxf2 33. Qg3 R2f5 34. Kh1 Rg5 35. Qh3 Qg6 
36. Rf1 Rxf1+ 37. Qxf1 Bxe5 38. cxb6 axb6 39. Rh3 Rg3 40. Nf3 Qg4 
41. Rxg3 Bxg3 42. Qe2 Bd6 43. a4 h5 44. Qe4 Qxe4 45. dxe4 Kf7 
46. Kg2 Ke6 47. Nd4+ Ke5 48. Nxc6+ Kxe4 49. a5 bxa5 50. Nxa5 Kd3 
51. Nc6 e6 52. Nd8 e5 53. Nf7 Kxc4 54. Nxe5+ 1/2-1/2

[Event "Skakligaen 2023-24"]
[Site "Denmark"]
[Date "2024.01.28"]
[Round "6.7"]
[Board "7"]
[White "Ostergaard, Jens"]
[Black "Easwaralingam, Adesh"]
[Result "1-0"]
[WhiteElo "2236"]
[BlackElo "2163"]
[PlyCount "65"]
[WhiteTeam "Hillerod"]
[BlackTeam "Fredericia"]
[EventDate "2023.10.28"]
[EventType "team-tourn"]
[EventRounds "9"]
[EventCountry "DEN"]
[SourceTitle "Live v. Kasper Jerwiarz"]
[Table "7"]

1. d4 Nf6 2. Nf3 d5 3. c4 e6 4. Nc3 Bb4 5. Bg5 h6 
6. Bxf6 Qxf6 7. Qa4+ Nc6 8. cxd5 exd5 9. e3 O-O 10. Be2 Bd7 
11. Qb3 Qd6 12. O-O Bxc3 13. Qxc3 Rac8 14. Rac1 Rfd8 15. Ne1 Nb4 
16. Qb3 Qb6 17. Nf3 Be6 18. a3 Na6 19. Qb5 c5 20. dxc5 Qxb5 
21. Bxb5 Nxc5 22. Nd4 Bg4 23. f3 Bh5 24. b4 Ne6 25. Nxe6 fxe6 
26. Bd7 Rxc1 27. Bxe6+ Bf7 28. Bxf7+ Kxf7 29. Rxc1 Rd7 30. Kf1 Ke6 
31. Ke2 Kd6 32. Kd3 Rf7 33. Kd4 1-0

[Event "Skakligaen 2023-24"]
[Site "Denmark"]
[Date "2024.01.28"]
[Round "6.8"]
[Board "8"]
[White "Guindy, Esmat Susanne"]
[Black "Jaksland, Tim"]
[Result "1/2-1/2"]
[WhiteElo "2042"]
[BlackElo "2062"]
[PlyCount "81"]
[WhiteTeam "Fredericia"]
[BlackTeam "Hillerod"]
[EventDate "2023.10.28"]
[EventType "team-tourn"]
[EventRounds "9"]
[EventCountry "DEN"]
[SourceTitle "Live v. Kasper Jerwiarz"]
[Table "8"]

1. c4 e5 2. Nc3 Nc6 3. g3 f5 4. Bg2 Nf6 5. e4 d6 
6. Nge2 g6 7. d4 fxe4 8. d5 Nb8 9. O-O Bg7 10. Bg5 O-O 
11. Nxe4 Nbd7 12. N2c3 a6 13. Qc1 Qe8 14. b4 Nxe4 15. Nxe4 Nf6 
16. Bxf6 Bxf6 17. c5 Qe7 18. Qc3 Bf5 19. Rac1 Bxe4 20. Bxe4 Rf7 
21. Rc2 Bg5 22. Rb1 Qe8 23. b5 axb5 24. cxd6 cxd6 25. Qb4 Ra4 
26. Qe1 Qa8 27. Qe2 Qa7 28. Rb3 Qd4 29. Bg2 Qa1+ 30. Bf1 Kg7 
31. Rxb5 Qd4 32. Qd3 Qxd3 33. Bxd3 Rd4 34. Bf1 Ra4 35. Rb6 Ra5 
36. Rxd6 Be7 37. Rd7 Bc5 38. Bh3 Rxd7 39. Bxd7 Kf6 40. Bc8 b6 
41. Kg2 1/2-1/2

[Event "Skakligaen 2023-24"]
[Site "Denmark"]
[Date "2024.01.28"]
[Round "6.1"]
[Board "1"]
[White "Ochsner, Bjorn Moller"]
[Black "Mikkelsen, Nikolaj"]
[Result "1/2-1/2"]
[WhiteElo "2514"]
[BlackElo "2481"]
[PlyCount "59"]
[WhiteTeam "AarhusSkolerne"]
[BlackTeam "BMS"]
[EventDate "2023.10.28"]
[EventType "team-tourn"]
[EventRounds "9"]
[EventCountry "DEN"]
[SourceTitle "Live v. Kasper Jerwiarz"]
[Table "1"]

1. e4 e5 2. Nf3 Nc6 3. Bb5 a6 4. Ba4 Nf6 5. O-O d6 
6. c4 Bg4 7. d3 g6 8. h3 Bxf3 9. Qxf3 Nd7 10. Be3 Bg7 
11. Nc3 Nd4 12. Bxd4 exd4 13. Bxd7+ Qxd7 14. Nd5 Qd8 15. g3 O-O 
16. Nf4 c6 17. Rae1 Qa5 18. a3 Rae8 19. Ng2 Bh6 20. g4 Qe5 
21. h4 f6 22. Qh3 Bf4 23. Qf3 Bh6 24. Qh3 Bf4 25. Nxf4 Qxf4 
26. Qg3 Qxg3+ 27. fxg3 Re5 28. Kg2 h6 29. Re2 Kf7 30. b4 1/2-1/2

[Event "Skakligaen 2023-24"]
[Site "Denmark"]
[Date "2024.01.28"]
[Round "6.2"]
[Board "2"]
[White "Haubro, Martin"]
[Black "Sorensen, Jan"]
[Result "1-0"]
[WhiteElo "2418"]
[BlackElo "2383"]
[PlyCount "75"]
[WhiteTeam "BMS"]
[BlackTeam "AarhusSkolerne"]
[EventDate "2023.10.28"]
[EventType "team-tourn"]
[EventRounds "9"]
[EventCountry "DEN"]
[SourceTitle "Live v. Kasper Jerwiarz"]
[Table "2"]

1. e4 e6 2. d4 d5 3. Nc3 Bb4 4. e5 c5 5. a3 Bxc3+ 
6. bxc3 Ne7 7. h4 Qa5 8. Bd2 Qa4 9. h5 h6 10. Nf3 b6 
11. Rh4 Nf5 12. Rf4 c4 13. g4 Ne7 14. g5 Nf5 15. Bh3 Nc6 
16. gxh6 Nxh6 17. Nh4 Bd7 18. Rf3 O-O-O 19. Bg5 Rdg8 20. Kd2 Rh7 
21. Qe2 Rgh8 22. Ng2 Be8 23. Ne3 Kb7 24. Rf4 Ng8 25. Bg4 Qb5 
26. Qf3 Nh6 27. Bxh6 gxh6 28. Qh1 Rg7 29. Bf3 Kb8 30. Rf6 Ne7 
31. a4 Qb2 32. a5 b5 33. a6 b4 34. Rf4 Qxc3+ 35. Ke2 Bb5 
36. Ra5 Bd7 37. Rc5 Rhg8 38. Bg4 1-0

[Event "Skakligaen 2023-24"]
[Site "Denmark"]
[Date "2024.01.28"]
[Round "6.3"]
[Board "3"]
[White "Vinther Schou, Uffe"]
[Black "Kistrup, Nicolai"]
[Result "1/2-1/2"]
[WhiteElo "2348"]
[BlackElo "2337"]
[PlyCount "94"]
[WhiteTeam "AarhusSkolerne"]
[BlackTeam "BMS"]
[EventDate "2023.10.28"]
[EventType "team-tourn"]
[EventRounds "9"]
[EventCountry "DEN"]
[SourceTitle "Live v. Kasper Jerwiarz"]
[Table "3"]

1. e4 e5 2. Nf3 Nc6 3. Bb5 a6 4. Ba4 Nf6 5. O-O b5 
6. Bb3 Bc5 7. c3 d6 8. a4 Rb8 9. d4 Bb6 10. a5 Ba7 
11. h3 Bb7 12. Re1 O-O 13. Bg5 h6 14. Bh4 g5 15. Bg3 Re8 
16. dxe5 Nxe5 17. Bc2 Nxf3+ 18. Qxf3 d5 19. Nd2 dxe4 20. Nxe4 Nxe4 
21. Bxe4 Bxe4 22. Rxe4 Rxe4 23. Qxe4 Qd2 24. Re1 Rd8 25. Re2 Qd7 
26. Kh2 f5 27. Qb7 c6 28. Re7 Qxb7 29. Rxb7 Bc5 30. b4 f4 
31. bxc5 Rd5 32. Rb6 Rxc5 33. Rxa6 Rxc3 34. Rb6 fxg3+ 35. fxg3 Kf7 
36. a6 Ke6 37. a7 Ra3 38. Rxc6+ Kd5 39. Rxh6 Rxa7 40. Rg6 b4 
41. Rxg5+ Kc4 42. Rg8 Rb7 43. Rc8+ Kd3 44. Rd8+ Kc2 45. Rc8+ Kd2 
46. Rd8+ Kc2 47. Rc8+ Kd2 1/2-1/2

[Event "Skakligaen 2023-24"]
[Site "Denmark"]
[Date "2024.01.28"]
[Round "6.4"]
[Board "4"]
[White "Jacobsen, Mikkel Manosri"]
[Black "Sobjerg, Erik"]
[Result "1-0"]
[WhiteElo "2337"]
[BlackElo "2273"]
[PlyCount "69"]
[WhiteTeam "BMS"]
[BlackTeam "AarhusSkolerne"]
[EventDate "2023.10.28"]
[EventType "team-tourn"]
[EventRounds "9"]
[EventCountry "DEN"]
[SourceTitle "Live v. Kasper Jerwiarz"]
[Table "4"]

1. c4 f5 2. g3 Nf6 3. Bg2 e6 4. Nc3 d5 5. cxd5 exd5 
6. Nf3 Bd6 7. d3 O-O 8. O-O Kh8 9. e4 dxe4 10. dxe4 fxe4 
11. Ng5 Bf5 12. Ncxe4 Nxe4 13. Nxe4 Be7 14. Qxd8 Bxd8 15. Nd6 cxd6 
16. Bxb7 Bh3 17. Be3 Bxf1 18. Rxf1 Bf6 19. Bxa8 Bxb2 20. Bxa7 Nd7 
21. Bg2 Ba3 22. Bd4 Ne5 23. Rb1 h6 24. Rb3 Bc5 25. Bxc5 dxc5 
26. Rc3 c4 27. f4 Nd3 28. Rxc4 Rb8 29. Be4 Rb1+ 30. Kg2 Rb2+ 
31. Kf3 Ne1+ 32. Kg4 g5 33. fxg5 hxg5 34. Kxg5 Rxh2 35. Kg6 1-0

[Event "Skakligaen 2023-24"]
[Site "Denmark"]
[Date "2024.01.28"]
[Round "6.5"]
[Board "5"]
[White "Baekgaard, Martin"]
[Black "Rostgaard, Tobias Valentin"]
[Result "0-1"]
[WhiteElo "2257"]
[BlackElo "2319"]
[PlyCount "82"]
[WhiteTeam "AarhusSkolerne"]
[BlackTeam "BMS"]
[EventDate "2023.10.28"]
[EventType "team-tourn"]
[EventRounds "9"]
[EventCountry "DEN"]
[SourceTitle "Live v. Kasper Jerwiarz"]
[Table "5"]

1. d4 Nf6 2. c4 e6 3. Nc3 d5 4. cxd5 exd5 5. Bg5 Be7 
6. e3 O-O 7. Bd3 c6 8. Qc2 Nbd7 9. h3 Re8 10. Nf3 Nf8 
11. O-O Nh5 12. Bxe7 Qxe7 13. Rab1 Ng6 14. b4 a6 15. a4 Qf6 
16. Qd1 Nh4 17. Be2 g6 18. Nxh4 Qxh4 19. Bxh5 gxh5 20. Qf3 Re6 
21. Ne2 Qg5 22. Qf4 Qe7 23. Rfc1 Rg6 24. Qf3 Rg5 25. Ng3 h4 
26. Nh5 Bf5 27. Rb2 Kh8 28. Nf4 Rag8 29. Qe2 Bxh3 30. Nxh3 Rxg2+ 
31. Kf1 Qe6 32. Qf3 Rh2 33. Nf4 Qf5 34. Ke2 Rg3 35. Qh5 Rxe3+ 
36. Kxe3 Qe4+ 37. Kd2 Qxf4+ 38. Kd3 Qe4+ 39. Kc3 Rh3+ 40. Kd2 Qd3+ 
41. Ke1 Rh1# 0-1

[Event "Skakligaen 2023-24"]
[Site "Denmark"]
[Date "2024.01.28"]
[Round "6.7"]
[Board "7"]
[White "Rendboe, John Filip"]
[Black "Akdag, Dara Sevkan"]
[Result "0-1"]
[WhiteElo "2171"]
[BlackElo "2176"]
[PlyCount "90"]
[WhiteTeam "AarhusSkolerne"]
[BlackTeam "BMS"]
[EventDate "2023.10.28"]
[EventType "team-tourn"]
[EventRounds "9"]
[EventCountry "DEN"]
[SourceTitle "Live v. Kasper Jerwiarz"]
[Table "7"]

1. d4 c5 2. d5 Nf6 3. Nc3 b5 4. Nxb5 g6 5. g3 Qa5+ 
6. Nc3 Ne4 7. Bd2 Nxd2 8. Qxd2 d6 9. Bg2 Bg7 10. Nf3 Nd7 
11. Nd1 Qa6 12. O-O Nb6 13. c3 Nc4 14. Qc2 O-O 15. e4 Rb8 
16. Re1 Nb6 17. h3 Bd7 18. Nd2 e6 19. Bf1 Qb7 20. dxe6 Bxe6 
21. b3 Qd7 22. Kh2 f5 23. Bg2 Rbe8 24. f4 fxe4 25. Nxe4 Bf5 
26. Qd2 Qc7 27. Ndf2 d5 28. Ng5 d4 29. c4 Re3 30. a4 h6 
31. Nf3 Rxb3 32. a5 Nxc4 33. Qa2 Rc3 34. Rac1 Qf7 35. Ne4 Rxc1 
36. Rxc1 Bxe4 37. Qxc4 Qxc4 38. Rxc4 Rc8 39. Ne5 Bb1 40. Nc6 Bf8 
41. Nxd4 Rd8 42. Nc6 Rd2 43. Kg1 Ba2 44. Rc1 Rxg2+ 45. Kxg2 Bd5+ 
0-1

[Event "Skakligaen 2023-24"]
[Site "Denmark"]
[Date "2024.01.28"]
[Round "6.8"]
[Board "8"]
[White "Brorsen, Jacob Abildlund"]
[Black "Hagen, Kresten Skytte"]
[Result "1/2-1/2"]
[WhiteElo "2147"]
[BlackElo "2134"]
[PlyCount "47"]
[WhiteTeam "BMS"]
[BlackTeam "AarhusSkolerne"]
[EventDate "2023.10.28"]
[EventType "team-tourn"]
[EventRounds "9"]
[EventCountry "DEN"]
[SourceTitle "Live v. Kasper Jerwiarz"]
[Table "8"]

1. d4 Nf6 2. c4 e6 3. Nf3 d5 4. Nc3 Be7 5. e3 O-O 
6. Bd3 b6 7. cxd5 exd5 8. O-O Bb7 9. Ne5 Nbd7 10. Bd2 c5 
11. Rc1 a6 12. Qf3 g6 13. Qe2 c4 14. Bb1 b5 15. a3 Ne4 
16. Rfd1 f6 17. Nxd7 Qxd7 18. Nxe4 dxe4 19. Ba5 Bd5 20. f3 f5 
21. Rf1 Qb7 22. fxe4 Bxe4 23. Bxe4 Qxe4 24. Qf3 1/2-1/2

[Event "Skakligaen 2023-24"]
[Site "Denmark"]
[Date "2024.01.28"]
[Round "6.1"]
[Board "1"]
[White "Hector, Jonny"]
[Black "Bjerre, Jonas Buhl"]
[Result "1/2-1/2"]
[WhiteElo "2446"]
[BlackElo "2641"]
[PlyCount "232"]
[WhiteTeam "Nordkalotten"]
[BlackTeam "Skanderborg"]
[EventDate "2023.10.28"]
[EventType "team-tourn"]
[EventRounds "9"]
[EventCountry "DEN"]
[SourceTitle "Live v. Kasper Jerwiarz"]
[Table "1"]

1. e4 e5 2. Nf3 Nc6 3. d4 exd4 4. Nxd4 Qf6 5. Be3 Bc5 
6. c3 Nge7 7. Bc4 Ne5 8. Be2 Qg6 9. O-O d6 10. f4 Qxe4 
11. Bf2 Bxd4 12. cxd4 N5g6 13. Nc3 Qxf4 14. Nb5 O-O 15. Nxc7 Rb8 
16. d5 b6 17. Rc1 Qg5 18. Rc3 Nf5 19. Re1 Bb7 20. Qc1 h6 
21. Qxg5 hxg5 22. g3 Ne5 23. a4 Ne7 24. Rd1 f5 25. a5 bxa5 
26. Bxa7 Rbc8 27. Bb6 f4 28. gxf4 gxf4 29. Kf2 f3 30. Bf1 Ng4+ 
31. Kg3 Nf6 32. Rxf3 Bxd5 33. Nxd5 Nexd5 34. Bd4 Rc2 35. Bh3 Ne4+ 
36. Kg4 Ndf6+ 37. Kf4 Rxh2 38. Be6+ Kh8 39. Rh3+ Rxh3 40. Bxh3 Nc5 
41. Bf5 Kg8 42. Bxc5 dxc5 43. Rc1 c4 44. Be6+ Kh7 45. Bxc4 Kh6 
46. Be6 Nh5+ 47. Ke5 Rf2 48. Ra1 Re2+ 49. Kd6 Nf4 50. Bc4 Rxb2 
51. Rxa5 Rc2 52. Ba6 g5 53. Ke5 Kh5 54. Ke4 Kh4 55. Ra1 Ng2 
56. Bb7 g4 57. Kf5 Rc5+ 58. Ke4 Rc7 59. Ba8 Re7+ 60. Kf5 Rf7+ 
61. Kg6 Rf2 62. Rh1+ Kg3 63. Kg5 Ra2 64. Bb7 Ra5+ 65. Kf6 Ne3 
66. Rb1 Nd5+ 67. Ke6 Nf4+ 68. Kf6 Rc5 69. Rg1+ Kh4 70. Rh1+ Nh3 
71. Be4 Kg3 72. Bf5 Nf2 73. Ra1 Kg2 74. Bxg4 Nxg4+ 75. Ke6 Kf3 
76. Kd6 Rh5 77. Ra3+ Ne3 78. Ke6 Rb5 79. Kd6 Ke4 80. Ra4+ Kd3 
81. Ra1 Kd4 82. Ke6 Rb6+ 83. Kf7 Ke5 84. Re1 Kf4 85. Ra1 Rd6 
86. Rb1 Nd5 87. Rf1+ Ke5 88. Re1+ Kf5 89. Rf1+ Nf4 90. Ke7 Rd3 
91. Rf2 Ke5 92. Rf1 Nd5+ 93. Kf7 Ra3 94. Re1+ Kd6 95. Rd1 Rf3+ 
96. Kg6 Ke5 97. Re1+ Ne3 98. Ra1 Nc4 99. Re1+ Kd5 100. Ra1 Ke6 
101. Ra6+ Ke5 102. Ra1 Rg3+ 103. Kf7 Nd6+ 104. Ke7 Rg7+ 105. Kd8 Ne4 
106. Re1 Ra7 107. Ke8 Kd5 108. Kf8 Nd6 109. Kg8 Nc4 110. Rh1 Ne5 
111. Kf8 Ng6+ 112. Ke8 Ke6 113. Kd8 Nf4 114. Re1+ Kd6 115. Rd1+ Nd5 
116. Ke8 Ke6 1/2-1/2

[Event "Skakligaen 2023-24"]
[Site "Denmark"]
[Date "2024.01.28"]
[Round "6.2"]
[Board "2"]
[White "Svane, Rasmus"]
[Black "Brynell, Stellan"]
[Result "1/2-1/2"]
[WhiteElo "2637"]
[BlackElo "2409"]
[PlyCount "45"]
[WhiteTeam "Skanderborg"]
[BlackTeam "Nordkalotten"]
[EventDate "2023.10.28"]
[EventType "team-tourn"]
[EventRounds "9"]
[EventCountry "DEN"]
[SourceTitle "Live v. Kasper Jerwiarz"]
[Table "2"]

1. e4 e6 2. d4 d5 3. Nc3 dxe4 4. Nxe4 Be7 5. Nf3 Nf6 
6. Bd3 Nbd7 7. Nxf6+ Bxf6 8. Qe2 c5 9. Be3 cxd4 10. Nxd4 a6 
11. O-O-O Qc7 12. g4 Nc5 13. g5 Be7 14. Nb3 Bd7 15. Nxc5 Bxc5 
16. Be4 Be7 17. h4 O-O-O 18. Bd4 f6 19. Qe3 Bc6 20. Bb6 Rxd1+ 
21. Rxd1 Qe5 22. f3 fxg5 23. Bxc6 1/2-1/2

[Event "Skakligaen 2023-24"]
[Site "Denmark"]
[Date "2024.01.28"]
[Round "6.3"]
[Board "3"]
[White "Jepson, Christian"]
[Black "Svane, Frederik"]
[Result "0-1"]
[WhiteElo "2388"]
[BlackElo "2625"]
[PlyCount "132"]
[WhiteTeam "Nordkalotten"]
[BlackTeam "Skanderborg"]
[EventDate "2023.10.28"]
[EventType "team-tourn"]
[EventRounds "9"]
[EventCountry "DEN"]
[SourceTitle "Live v. Kasper Jerwiarz"]
[Table "3"]

1. d4 Nf6 2. c4 e6 3. Nc3 Bb4 4. e3 b6 5. Bd3 Bb7 
6. Nf3 Bxc3+ 7. bxc3 O-O 8. O-O d6 9. Nd2 c5 10. f3 Nc6 
11. Bb2 Nd7 12. Qc2 h6 13. Rae1 Re8 14. f4 cxd4 15. exd4 Nf6 
16. Ba3 Ne7 17. h3 Rc8 18. Rf2 Qd7 19. Kh2 Qc7 20. g3 d5 
21. c5 Nc6 22. Qb1 Nb8 23. cxb6 axb6 24. Bb2 Ba6 25. Bc2 Nc6 
26. Nf3 Na5 27. Ne5 Bb7 28. Rf3 Ne4 29. Qd1 f6 30. Ng6 Nc4 
31. Bc1 Ncd6 32. Bb2 Qf7 33. Nh4 Rc7 34. g4 Rec8 35. Qe2 Bc6 
36. Bd3 Bd7 37. Rc1 Qe8 38. Ba3 Rxc3 39. Rxc3 Nxc3 40. Qe1 Nde4 
41. Bb4 Bb5 42. Bxc3 Bxd3 43. Rxd3 Qb5 44. Qe3 Rxc3 45. Rxc3 Qb2+ 
46. Ng2 Qxc3 47. f5 Qxe3 48. Nxe3 Kf7 49. Kg2 Nc3 50. a3 e5 
51. Nc2 Ke7 52. Kf3 Kd6 53. Ke3 Nd1+ 54. Ke2 Nb2 55. Ke3 Nc4+ 
56. Kd3 Na5 57. dxe5+ fxe5 58. f6 gxf6 59. Ne3 e4+ 60. Ke2 Ke5 
61. Nf5 d4 62. Nxh6 d3+ 63. Ke1 e3 64. Nf5 Ke4 65. h4 Nc4 
66. h5 Ne5 0-1

[Event "Skakligaen 2023-24"]
[Site "Denmark"]
[Date "2024.01.28"]
[Round "6.4"]
[Board "4"]
[White "Andersen, Mads"]
[Black "Sylvan, Jacob"]
[Result "1/2-1/2"]
[WhiteElo "2615"]
[BlackElo "2321"]
[PlyCount "39"]
[WhiteTeam "Skanderborg"]
[BlackTeam "Nordkalotten"]
[EventDate "2023.10.28"]
[EventType "team-tourn"]
[EventRounds "9"]
[EventCountry "DEN"]
[SourceTitle "Live v. Kasper Jerwiarz"]
[Table "4"]

1. e4 c5 2. Nf3 Nc6 3. d4 cxd4 4. Nxd4 e6 5. Nc3 Qc7 
6. Be3 a6 7. a3 b5 8. Nxc6 Qxc6 9. Bd3 Bb7 10. Qd2 b4 
11. axb4 Bxb4 12. O-O Nf6 13. f3 O-O 14. Qf2 a5 15. Nb5 d5 
16. e5 Nd7 17. Nd4 Qb6 18. Nb3 Qc7 19. f4 Ba6 20. Bxa6 1/2-1/2

[Event "Skakligaen 2023-24"]
[Site "Denmark"]
[Date "2024.01.28"]
[Round "6.5"]
[Board "5"]
[White "Schmidt, Kristen"]
[Black "Olsen, Filip Boe"]
[Result "0-1"]
[WhiteElo "2263"]
[BlackElo "2441"]
[PlyCount "71"]
[WhiteTeam "Nordkalotten"]
[BlackTeam "Skanderborg"]
[EventDate "2023.10.28"]
[EventType "team-tourn"]
[EventRounds "9"]
[EventCountry "DEN"]
[SourceTitle "Live v. Kasper Jerwiarz"]
[Table "5"]

1. e4 c5 2. Nf3 d6 3. d4 cxd4 4. Nxd4 Nf6 5. f3 e5 
6. Nb3 d5 7. Bg5 d4 8. c3 Nc6 9. Bb5 h6 10. Bh4 Qb6 
11. Bxc6+ bxc6 12. cxd4 Ba6 13. Bf2 Rd8 14. Qc2 exd4 15. N1d2 Bb4 
16. Rc1 O-O 17. Qxc6 Bxd2+ 18. Kxd2 Qb4+ 19. Kd1 Bd3 20. Qc5 Qa4 
21. Qa5 Qe8 22. Kd2 Bxe4 23. Rhe1 Qe6 24. Rc5 Rc8 25. Bh4 Rxc5 
26. Nxc5 Qf5 27. Bxf6 Bb1 28. Rxb1 Qxb1 29. Bxd4 Re8 30. Ne4 Qf1 
31. Qf5 Qxg2+ 32. Kc3 Rb8 33. Kd3 Qf1+ 34. Ke3 Rd8 35. Qg4 Qe1+ 
36. Kd3 0-1

[Event "Skakligaen 2023-24"]
[Site "Denmark"]
[Date "2024.01.28"]
[Round "6.6"]
[Board "6"]
[White "Pedersen, Nicolai Vesterbaek"]
[Black "Kristensen, Kaare Hove"]
[Result "1/2-1/2"]
[WhiteElo "2339"]
[BlackElo "2303"]
[PlyCount "25"]
[WhiteTeam "Skanderborg"]
[BlackTeam "Nordkalotten"]
[EventDate "2023.10.28"]
[EventType "team-tourn"]
[EventRounds "9"]
[EventCountry "DEN"]
[SourceTitle "Live v. Kasper Jerwiarz"]
[Table "6"]

1. d4 d5 2. c4 e6 3. Nc3 c6 4. e3 Nf6 5. Nf3 Nbd7 
6. Bd3 dxc4 7. Bxc4 b5 8. Bb3 b4 9. Ne2 Bd6 10. O-O O-O 
11. Nf4 Bb7 12. Qe2 c5 13. Rd1 1/2-1/2

[Event "Skakligaen 2023-24"]
[Site "Denmark"]
[Date "2024.01.28"]
[Round "6.7"]
[Board "7"]
[White "Jakobsen, Peter"]
[Black "Brondt, Nicolai Kvist"]
[Result "1/2-1/2"]
[WhiteElo "2173"]
[BlackElo "2236"]
[PlyCount "82"]
[WhiteTeam "Nordkalotten"]
[BlackTeam "Skanderborg"]
[EventDate "2023.10.28"]
[EventType "team-tourn"]
[EventRounds "9"]
[EventCountry "DEN"]
[SourceTitle "Live v. Kasper Jerwiarz"]
[Table "7"]

1. d4 Nf6 2. Nf3 d5 3. c4 c6 4. Nc3 e6 5. e3 Nbd7 
6. Bd3 dxc4 7. Bxc4 b5 8. Bd3 a6 9. a4 b4 10. Ne4 c5 
11. dxc5 Nxc5 12. Nxc5 Bxc5 13. O-O Bb7 14. Qe2 Qb6 15. e4 Rd8 
16. Bg5 h6 17. Bh4 g5 18. Bg3 Nh5 19. Rfd1 Nxg3 20. hxg3 O-O 
21. Rac1 b3 22. Ne5 Bd4 23. Nc4 Qb4 24. e5 Bc5 25. a5 Rd4 
26. Ne3 Rfd8 27. Rc3 Bf8 28. Rc7 Rc8 29. Rdc1 Rxc7 30. Rxc7 Be7 
31. Bxa6 Bxa6 32. Qxa6 Bd8 33. Rb7 Qe1+ 34. Qf1 Qxa5 35. Rxb3 Qxe5 
36. Qb5 Qxb5 37. Rxb5 Bf6 38. Kf1 Rd2 39. Ng4 Kg7 40. Nxf6 Kxf6 
41. Rb8 h5 1/2-1/2

[Event "Skakligaen 2023-24"]
[Site "Denmark"]
[Date "2024.01.28"]
[Round "6.1"]
[Board "1"]
[White "Ramsdal, Jens Albert"]
[Black "Brunello, Sabino"]
[Result "0-1"]
[WhiteElo "2416"]
[BlackElo "2512"]
[PlyCount "90"]
[WhiteTeam "SK1968"]
[BlackTeam "Koge"]
[EventDate "2023.10.28"]
[EventType "team-tourn"]
[EventRounds "9"]
[EventCountry "DEN"]
[SourceTitle "Live v. Kasper Jerwiarz"]
[Table "1"]

1. d4 Nf6 2. c4 g6 3. Nc3 d5 4. cxd5 Nxd5 5. e4 Nxc3 
6. bxc3 Bg7 7. Bc4 c5 8. Ne2 Nc6 9. Be3 O-O 10. O-O Bg4 
11. f3 Na5 12. Bxf7+ Rxf7 13. fxg4 Rxf1+ 14. Kxf1 Qd6 15. Kg1 Qe6 
16. Qd3 Qxg4 17. dxc5 Nc6 18. h3 Qc8 19. Rb1 Kh8 20. Nd4 Na5 
21. Nf3 Qg8 22. a4 Rd8 23. Bd4 Nc6 24. Rxb7 e5 25. Ng5 exd4 
26. Nf7+ Qxf7 27. Rxf7 Ne5 28. Qf1 Nxf7 29. Qxf7 dxc3 30. Qb3 Bd4+ 
31. Kf1 Rf8+ 32. Ke1 Be5 33. c6 c2 34. Qc4 Bf4 35. Qxc2 Bg3+ 
36. Kd1 Rf1+ 37. Ke2 Rf2+ 38. Kd3 Rxc2 39. Kxc2 Kg7 40. Kd3 Kf6 
41. Kc4 a6 42. Kd5 Bc7 43. h4 h5 44. e5+ Bxe5 45. Kc5 Bc7 
0-1

[Event "Skakligaen 2023-24"]
[Site "Denmark"]
[Date "2024.01.28"]
[Round "6.2"]
[Board "2"]
[White "Pantzar, Milton"]
[Black "Matthiesen, Arne"]
[Result "1-0"]
[WhiteElo "2461"]
[BlackElo "2318"]
[PlyCount "61"]
[WhiteTeam "Koge"]
[BlackTeam "SK1968"]
[EventDate "2023.10.28"]
[EventType "team-tourn"]
[EventRounds "9"]
[EventCountry "DEN"]
[SourceTitle "Live v. Kasper Jerwiarz"]
[Table "2"]

1. d4 d5 2. Nf3 Nf6 3. c4 dxc4 4. e3 e6 5. Bxc4 c5 
6. O-O a6 7. Re1 b5 8. Bf1 Bb7 9. a4 b4 10. Nbd2 cxd4 
11. exd4 Be7 12. a5 O-O 13. Nc4 Nd5 14. Bd3 Nd7 15. Bd2 N7f6 
16. Nfe5 Nc7 17. Nb6 Ra7 18. Bg5 Ncd5 19. Rc1 Nxb6 20. axb6 Qxb6 
21. Bxf6 Bxf6 22. Nd7 Qd8 23. Nxf8 Kxf8 24. Qh5 Bxd4 25. Qxh7 Qf6 
26. Rf1 g6 27. Rc7 Bb6 28. Rd7 Bxg2 29. Rxa7 Bxf1 30. Qh6+ Ke8 
31. Ra8+ 1-0

[Event "Skakligaen 2023-24"]
[Site "Denmark"]
[Date "2024.01.28"]
[Round "6.3"]
[Board "3"]
[White "Matthiesen, Martin"]
[Black "Smith, Axel"]
[Result "1/2-1/2"]
[WhiteElo "2286"]
[BlackElo "2421"]
[PlyCount "81"]
[WhiteTeam "SK1968"]
[BlackTeam "Koge"]
[EventDate "2023.10.28"]
[EventType "team-tourn"]
[EventRounds "9"]
[EventCountry "DEN"]
[SourceTitle "Live v. Kasper Jerwiarz"]
[Table "3"]

1. d4 d5 2. c4 c5 3. cxd5 Qxd5 4. Nf3 cxd4 5. Nc3 Qa5 
6. Nxd4 Nf6 7. Nb3 Qc7 8. g3 e5 9. Bg2 Bb4 10. Bd2 O-O 
11. Rc1 Nc6 12. O-O Rd8 13. Qc2 Be6 14. Rfd1 Rac8 15. Na4 Bxd2 
16. Rxd2 Rxd2 17. Qxd2 Rd8 18. Qe3 Bd5 19. h3 Bxg2 20. Kxg2 Qe7 
21. Qc5 Kf8 22. Qxe7+ Kxe7 23. Nbc5 b6 24. Ne6 Kxe6 25. Rxc6+ Rd6 
26. Rc7 Rd7 27. Rc6+ Ke7 28. Rc2 Nd5 29. Rc8 f5 30. Ra8 Kd6 
31. Kf1 b5 32. Nc3 Nxc3 33. bxc3 Kc6 34. Ke1 e4 35. h4 g6 
36. h5 Kb6 37. h6 a5 38. Rg8 Kc6 39. Ra8 Kb6 40. Rg8 Kc6 
41. Ra8 1/2-1/2

[Event "Skakligaen 2023-24"]
[Site "Denmark"]
[Date "2024.01.28"]
[Round "6.4"]
[Board "4"]
[White "Ahlander, Bjorn"]
[Black "Bank, Pelle Rodkjaer"]
[Result "1-0"]
[WhiteElo "2379"]
[BlackElo "2282"]
[PlyCount "159"]
[WhiteTeam "Koge"]
[BlackTeam "SK1968"]
[EventDate "2023.10.28"]
[EventType "team-tourn"]
[EventRounds "9"]
[EventCountry "DEN"]
[SourceTitle "Live v. Kasper Jerwiarz"]
[Table "4"]

1. d4 e6 2. c4 b6 3. Nf3 Bb7 4. g3 Bb4+ 5. Bd2 Bxf3 
6. exf3 Bxd2+ 7. Qxd2 Nf6 8. Bg2 d5 9. f4 O-O 10. Nc3 c6 
11. b3 Na6 12. O-O Nc7 13. Rac1 Qd7 14. Rfd1 Rac8 15. h3 Nce8 
16. Na4 Nd6 17. Qe1 dxc4 18. bxc4 Nf5 19. c5 b5 20. Nb2 Rfd8 
21. Nd3 Qb7 22. Ne5 Qa6 23. Qc3 Nd5 24. Qb3 Nde7 25. Nf3 Nd5 
26. Bf1 Qa5 27. Bd3 Nfe7 28. Bb1 b4 29. Re1 Rb8 30. Ne5 Qa3 
31. Qc2 g6 32. Qe4 Nc3 33. Rxc3 bxc3 34. Nxf7 Rxb1 35. Nh6+ Kf8 
36. Rxb1 Qxa2 37. Rc1 Qd5 38. Qe3 Kg7 39. Ng4 Qxd4 40. Qxe6 Nf5 
41. Ne5 Qd5 42. Qxd5 Rxd5 43. Rxc3 Nd4 44. Kg2 a5 45. Rd3 Ne6 
46. Re3 Nd4 47. Rc3 Nb5 48. Rc4 Nd4 49. h4 Ne6 50. Nxc6 Nxc5 
51. Nxa5 Nd7 52. Rc7 h5 53. Nc4 Kh6 54. Rc6 Kg7 55. Rc7 Kf6 
56. Kf3 Rc5 57. Rxd7 Rxc4 58. Rd6+ Kf5 59. Rd5+ Kf6 60. Rg5 Rc3+ 
61. Kg2 Ra3 62. f5 gxf5 63. Rxh5 Kg6 64. Rh8 Rb3 65. Rc8 Ra3 
66. Rc6+ Kg7 67. Re6 Kf7 68. Re3 Ra2 69. Kf3 Kf6 70. Rb3 Rc2 
71. Ke3 Ra2 72. Rb6+ Ke5 73. h5 Ra3+ 74. Ke2 Ke4 75. Rb4+ Ke5 
76. h6 Ra2+ 77. Kf3 Ra3+ 78. Kg2 Ra7 79. Rh4 Rh7 80. Kf3 1-0